MAASAI MARA UNIVERSITY

LIBRARY CATALOGUE

Contact Us: +254 020 2685356/7 or 0774 057787

Box: 861-20500, NAROK, KENYA

Email: info@mmarau.ac.ke

_The practice of Nursing Research conduct,critique and utilization(5th ed) Nancy Burns (Record no. 13107)

MARC details
000 -LEADER
fixed length control field 00495nam a2200157Ia 4500
008 - FIXED-LENGTH DATA ELEMENTS--GENERAL INFORMATION
fixed length control field 151021s9999 xx 000 0 und d
020 ## - INTERNATIONAL STANDARD BOOK NUMBER
International Standard Book Number 9.7807216063e+012
050 ## - LIBRARY OF CONGRESS CALL NUMBER
Classification number RT 81.5 .B86 2005
245 ## - TITLE STATEMENT
Title _The practice of Nursing Research conduct,critique and utilization(5th ed) Nancy Burns
260 ## - PUBLICATION, DISTRIBUTION, ETC. (IMPRINT)
Place of publication, distribution, etc. Missouri Elsevier saunders 2005
300 ## - PHYSICAL DESCRIPTION
Extent xix,780p.;ill
500 ## - GENERAL NOTE
General note Includes index.
500 ## - GENERAL NOTE
General note Includes index.
650 ## - SUBJECT ADDED ENTRY--TOPICAL TERM
Topical term or geographic name as entry element _Nursing
980 ## - EQUIVALENCE OR CROSS-REFERENCE-SERIES STATEMENT--PERSONAL NAME/TITLE [LOCAL, CANADA]
Personal name ^d20130508 12:42:49^oanne

No items available.

© 2016 Maasai Mara University.